Zufällige französische Wörter - Statistiken

Allgemein
  • Dieses Quiz wurde 422 mal gespielt
  • Das Durchschnittsergebnis liegt bei 18 aus 21
Antwortstatistiken
Französisch Deutsch % Korrekt
Oui Ja
99%
Rouge Rot
96%
Noir Schwarz
96%
Ville Stadt
96%
Fromage Käse
95%
Avec Mit
95%
Fleur Blume
92%
Eau Wasser
92%
Chien Hund
91%
Nouveau Neu
90%
Jour Tag
88%
Beaucoup Viele
87%
Ans Jahre
82%
tête Kopf
82%
Fille Mädchen
82%
Semaine Woche
81%
Poisson Fisch
77%
Cœur Herz
77%
Pays Land
75%
Lac See
73%
Escargot Schnecke
61%
Keine übereinstimmenden Quizze gefunden
Verteilung der Resultate
Anzahl Personen mit jedem Resultat
Perzentil nach korrekt beantworteten Fragen
Ihre Resultats-Entwicklung
Sie haben dieses Quiz noch nicht gespielt